00602nam a2200133Ia 4500008004100000100003300041245015300074245010700227260005300334260000900387300001000396650001500406856004700421170221s9999 xx 000 0 und d aNur Fadiah Binti Mohd Zawawi aLogistics Capability, Information Technology, and Innovation Capability of Logistics Service Providers: Empirical Evidence from East Coast Malaysia  cNur Fadiah Binti Mohd Zawawi, Sazali Abdul Wahab, Abdullah Al Mamun, Ghazali Bin Ahmad, Syed Ali Fazal bInternational Review of Management and Marketing c2014 a2 : 1 xMarketing. uhttp://www.econjournals.com/index.php/irmm